000
00492nam a2200181Ia 4500
008
090124s9999 xx 000 0 und d
082
_b
123564
100
_a
मंगेशकर गीता
245
_a
जन्मभूमी
250
_a
1
260
_c
1989
300
_a
230
600
_a
मंगेशकर गीता
630
_a
जन्मभूमी
700
_a
मंगेशकर गीता
730
_a
जन्मभूमी
942
_c
BOOK
999
_c
169651
_d
169651